[Event "BRA-ch Amateur U1800"]
[Site "Sao Paulo"]
[Date "2018.06.02"]
[Round "5"]
[White "Terrin, Cesar Aquiles"]
[Black "Bocca, Edson Ricardo"]
[Result "1/2-1/2"]
[WhiteElo "1712"]
[BlackElo "1637"]
[PlyCount "47"]
[EventDate "2018.05.31"]
[EventType "swiss"]
[EventRounds "7"]
[EventCountry "BRA"]
[SourceTitle "EXT 2021"]
[Source "ChessBase"]
[SourceDate "2020.10.23"]
[SourceVersion "1"]
[SourceVersionDate "2020.10.23"]
[SourceQuality "1"]

1. e4 Nc6 2. Nf3 e5 3. d4 exd4 4. Bc4 h6 5. c3 Qe7 6. 0-0 d6 7. cxd4 Bd7 8. Nc3 Qd8 9. e5 dxe5 10. Re1 Be7 11. Nxe5 Nxe5 12. Rxe5 Kf8 13. Qb3 Be8 14. Bf4 Qxd4 15. Re4 Qb6 16. Qc2 Qg6 17. Qe2 Bc6 18. Bd5 f5 19. Re6 Qg4 20. Qxg4 fxg4 21. Bxc6 bxc6 22. Rxc6 g5 23. Be5 Rh7 24. Rxc7 1/2-1/2

[Event "BRA-ch Amateur U1800"]
[Site "Sao Paulo"]
[Date "2018.05.31"]
[Round "2"]
[White "Flores, Clarice Soares Leit"]
[Black "Terrin, Cesar Aquiles"]
[Result "0-1"]
[WhiteElo "1280"]
[BlackElo "1712"]
[PlyCount "78"]
[EventDate "2018.05.31"]
[EventType "swiss"]
[EventRounds "7"]
[EventCountry "BRA"]
[SourceTitle "EXT 2021"]
[Source "ChessBase"]
[SourceDate "2020.10.23"]
[SourceVersion "1"]
[SourceVersionDate "2020.10.23"]
[SourceQuality "1"]

1. d4 f5 2. Bf4 Nf6 3. Nf3 e6 4. e3 Bb4+ 5. c3 Be7 6. h3 d6 7. Bd3 b6 8. 0-0 0-0 9. Qb3 Nc6 10. Bxf5 Na5 11. Bxe6+ Kh8 12. Qc2 Bxe6 13. Nbd2 d5 14. Bh2 Nb7 15. e4 dxe4 16. Ng5 Qd7 17. Ndxe4 Nxe4 18. Nxe6 Qxe6 19. Rae1 Nbd6 20. f3 Bh4 21. g3 Bxg3 22. Bxg3 Qg6 23. fxe4 Qxg3+ 24. Qg2 Rxf1+ 25. Rxf1 Qxg2+ 26. Kxg2 Nxe4 27. Rf7 Rc8 28. Re7 Nd6 29. b3 b5 30. Re5 Kg8 31. Kg3 Re8 32. Rxe8+ Nxe8 33. Kf4 Kf7 34. Kf5 Ke7 35. Ke5 Nd6 36. Kd5 g5 37. Kc6 h5 38. Kxc7 g4 39. hxg4 hxg4 0-1

[Event "Sao Paulo-C U1700 op 5th"]
[Site "Sao Paulo"]
[Date "2016.10.16"]
[Round "5.4"]
[White "Dos Anjos, Diovana Ferreira"]
[Black "Terrin, Cesar Aquiles"]
[Result "0-1"]
[WhiteElo "1564"]
[BlackElo "1800"]
[PlyCount "54"]
[EventDate "2016.10.13"]
[EventType "swiss"]
[EventRounds "6"]
[EventCountry "BRA"]
[SourceTitle "EXT 2022"]
[Source "ChessBase"]
[SourceDate "2021.10.06"]
[SourceVersion "1"]
[SourceVersionDate "2021.10.06"]
[SourceQuality "1"]

1. b4 e5 2. Bb2 Bxb4 3. Bxe5 Nf6 4. a3 Ba5 5. e3 0-0 6. Nf3 Re8 7. Bc4 d5 8. Bb3 c5 9. 0-0 c4 10. Ba2 Bg4 11. Bb2 Nc6 12. Kh1 Qd6 13. Nc3 a6 14. Ne2 Bc7 15. Ng3 Ne4 16. Qe1 h5 17. Nh4 g5 18. Nhf5 Bxf5 19. f4 Nxg3+ 20. Qxg3 Qg6 21. Qf3 Be4 22. Qf2 g4 23. Rac1 Rad8 24. f5 Qg5 25. Bb1 g3 26. Qe2 Qh4 27. h3 Qxh3+ 0-1

[Event "Sao Paulo-C U1700 op 5th"]
[Site "Sao Paulo"]
[Date "2016.10.15"]
[Round "3.6"]
[White "Lopes da Silva, Matheus"]
[Black "Terrin, Cesar Aquiles"]
[Result "0-1"]
[WhiteElo "1626"]
[BlackElo "1800"]
[PlyCount "38"]
[EventDate "2016.10.13"]
[EventType "swiss"]
[EventRounds "6"]
[EventCountry "BRA"]
[SourceTitle "EXT 2022"]
[Source "ChessBase"]
[SourceDate "2021.10.06"]
[SourceVersion "1"]
[SourceVersionDate "2021.10.06"]
[SourceQuality "1"]

1. d4 Nf6 2. c4 c5 3. Nf3 cxd4 4. Nxd4 e5 5. Nf3 Bc5 6. e3 Nc6 7. a3 a5 8. Be2 0-0 9. Nc3 h6 10. 0-0 d6 11. h3 e4 12. Nd4 Ne5 13. Na4 Nh7 14. Bd2 Ng5 15. Kh2 Nxh3 16. gxh3 Qh4 17. Be1 Qxh3+ 18. Kg1 Bxd4 19. exd4 Nf3+ 0-1

[Event "Sao Paulo-C U1700 op 5th"]
[Site "Sao Paulo"]
[Date "2016.10.14"]
[Round "2.16"]
[White "Terrin, Cesar Aquiles"]
[Black "De Oliveira, Francemir Barra"]
[Result "1-0"]
[WhiteElo "1800"]
[BlackElo "1609"]
[PlyCount "81"]
[EventDate "2016.10.13"]
[EventType "swiss"]
[EventRounds "6"]
[EventCountry "BRA"]
[SourceTitle "EXT 2022"]
[Source "ChessBase"]
[SourceDate "2021.10.06"]
[SourceVersion "1"]
[SourceVersionDate "2021.10.06"]
[SourceQuality "1"]

1. e4 e5 2. Nf3 Nc6 3. Bc4 d6 4. d4 Bg4 5. c3 Be7 6. 0-0 Nf6 7. Bxf7+ Kxf7 8. Ng5+ Ke8 9. Qb3 Rf8 10. Qxb7 Bd7 11. d5 Na5 12. Qa6 h6 13. Nf3 Bg4 14. Nbd2 Nh5 15. Qxa5 Nf4 16. Qa4+ Kf7 17. h3 Bxh3 18. gxh3 Qc8 19. Nc4 Qxh3 20. Ncxe5+ dxe5 21. Nxe5+ Kg8 22. Bxf4 Rxf4 23. Qd7 Qh4 24. Qe6+ Kh7 25. Qg6+ Kg8 26. Qg3 Qf6 27. Ng4 Qg5 28. Ne3 Qf6 29. Nf5 Bd6 30. f3 Bc5+ 31. Kg2 Kh7 32. Qxf4 Bd6 33. Qg4 g6 34. Nxd6 Qxd6 35. Qe6 Qf4 36. Rf2 Rf8 37. Qg4 Qe3 38. Qd7+ Kg8 39. Qxc7 Rf4 40. Qc4 Rh4 41. Qd4 1-0